Jadeed Elamat Nigari/ (Record no. 614237)

000 -LEADER
fixed length control field 00575nam a22001697a 4500
082 ## - DEWEY DECIMAL CLASSIFICATION NUMBER
Classification number 891.4391
Author Mark AHM
100 ## - MAIN ENTRY--PERSONAL NAME
Personal name Ahmed, Ishtiaq
245 ## - TITLE STATEMENT
Title Jadeed Elamat Nigari/
Statement of responsibility, etc. Ishtiaq Ahmed,
260 ## - PUBLICATION, DISTRIBUTION, ETC.
Place of publication, distribution, etc. Lahore ;
Name of publisher, distributor, etc. (Kitab Saraye,
Date of publication, distribution, etc. 2018.
300 ## - PHYSICAL DESCRIPTION
Extent 372p, :
Dimensions 28cm.
563 ## - BINDING INFORMATION
Binding note HB
650 ## - SUBJECT ADDED ENTRY--TOPICAL TERM
Topical term or geographic name entry element Symbolism in literature—Urdu literature
880 ## - ALTERNATE GRAPHIC REPRESENTATION
Linkage 100-01\(3\r
Title اشتیاق احمد,
880 ## - ALTERNATE GRAPHIC REPRESENTATION
Linkage 245-02\(3\r
Title جدید علامت نگاری
b اشتیاق احمد,
880 ## - ALTERNATE GRAPHIC REPRESENTATION
Linkage 260-03\(3\r
Title لاہور ؛
b کتاب سرائے,
c 2018.
942 ## - ADDED ENTRY ELEMENTS (KOHA)
Source of classification or shelving scheme
Koha item type Book
650 ## - SUBJECT ADDED ENTRY--TOPICAL TERM
-- 129642
Holdings
Withdrawn status Lost status Source of classification or shelving scheme Damaged status Not for loan Permanent Location Current Location Date acquired Total Checkouts Full call number Barcode Date last seen Price effective from Koha item type
          Central Library (CL) Central Library (CL) 07/10/2025   891.4391 AHM CL-D-2878 07/10/2025 07/10/2025 Book
© 2023 Central Library, National University of Sciences and Technology. All Rights Reserved.